000 00919nas a2200289 4500
001 BR0700791
003 BR-BrBNA
005 20231205110550.0
007 ta
008 230509b bl.|||p| |||| 00| 00por d
040 _aBR-BrBNA
_bpor
_cBiblioteca Nacional de Agricultura
041 _a(Pt)
072 _aL10; L01; U10
100 1 _aPeixoto, M.G.C.D.
100 1 _aPereira, C.S.
100 1 _aFonseca, C.G.
100 1 _aMadalena, F.E.
245 1 _aSeleção para produção de leite em núcleos MOET das raça zebuínas: um estudo de simulação
650 _aGADO ZEBU
650 _aPRODUÇÃO LEITEIRA
650 _aSELEÇÃO GENÉTICA
650 _aENDOGAMIA
650 _aSIMULAÇÃO
773 0 _tArquivo Brasileiro de Medicina Veterinária e Zootecnia (Brazil)
_xISSN 1678-4162
_g(Oct 2005), v. 57(5) p. 673-683
_wBR0700791
909 _a202311
_bLúcia
_c55
_dLúcia Elande
942 _2AGRIS
_n0
_cANA
999 _c187946
_d187946